MARC

LEADER 00000nam0a2200000 4500
001 302256
005 20231102001502.0
035 |a (RuTPU)RU\TPU\book\327453 
090 |a 302256 
100 |a 20150820d1982 km y0rusy50 ca 
101 0 |a rus 
102 |a RU 
105 |a a e 000zy 
200 1 |a Краткий толковый словарь русского языка  |f Академия наук СССР (АН СССР), Институт русского языка им. В. В. Виноградова (ИРЯ) ; под ред. В. В. Розановой 
205 |a 3-е изд., испр. и доп. 
210 |a Москва  |c Русский язык  |d 1982 
215 |a 245 с.  |c ил. 
606 1 |a Русский язык  |x Толковые словари  |2 stltpush  |3 (RuTPU)RU\TPU\subj\26391  |9 50331 
610 1 |a лексика 
610 1 |a словари 
610 1 |a грамматические формы 
610 1 |a употребление 
610 1 |a толкование 
610 1 |a слова 
686 |a Ш141.2-42  |v LBC/SL-A  |2 rubbk 
702 1 |a Розанова  |b В. В.  |4 340 
712 0 2 |a Академия наук СССР (АН СССР)  |b Институт русского языка им. В. В. Виноградова (ИРЯ)  |c (Москва)  |2 stltpush  |3 (RuTPU)RU\TPU\col\12016 
801 1 |a RU  |b 63413507  |c 20150820 
801 2 |a RU  |b 63413507  |c 20190404  |g RCR 
942 |c BK